000 00396nam a2200157Ia 4500
003 Ost
005 20260225132549.0
008 260225s9999||||xx |||||||||||||| ||und||
040 _cfsic
041 _afre
082 _a440
100 _aRoger faligot
_eAuteur
245 0 _aLes Résistans dela guerre de l'ombre aux allées du pouvoir 1944-1989 /
245 0 _cRoger faligot
942 _cكتاب
999 _c34001
_d34001